Investigations of microteaching /

Guardat en:
Dades bibliogràfiques
Altres autors: McIntyre, Donald, 1937-, MacLeod, Gordon, Griffiths, Roy
Format: Llibre
Idioma:English
Publicat: London : Croom Helm, c1977.
Matèries:
LEADER 01038nam a2200289 a 4500
001 c000131837
003 CARM
005 19930716000000.0
008 780306s1977 enk b 001 0 eng
015 |a GB*** 
019 1 |a 1158052  |z 40258948  |5 LACONCORD2021 
020 |a 0856645370 :  |c L.8.95 
035 |a (OCoLC)3772061  |5 LACONCORD2021 
040 |a LC  |b eng  |c LC  |d NU 
050 0 0 |a LB1731  |b .I598 
082 0 4 |a 370/.733 
245 0 0 |a Investigations of microteaching /  |c edited by Donald McIntyre, Gordon MacLeod, and Roy Griffiths. 
260 |a London :  |b Croom Helm,  |c c1977. 
300 |a 269 p. :  |b graphs ;  |c 23 cm. 
504 |a Includes bibliographies and indexes. 
650 0 |a Microteaching. 
700 1 |a McIntyre, Donald,  |d 1937- 
700 1 |a MacLeod, Gordon. 
700 1 |a Griffiths, Roy. 
852 8 |b CARM  |h A2:AH36B0  |i B03782  |p 0181499  |f BK 
999 f f |i 049d278b-4cd1-5dab-962f-c45bf8972f0e  |s dc25afef-ba6d-5aad-a87a-510741ef88ed 
952 f f |p Can circulate  |a CAVAL  |b CAVAL  |c CAVAL  |d CARM 1 Store  |e B03782  |f A2:AH36B0  |h Other scheme  |i book  |m 0181499